[Event "Tancats de l'Urgell D"]
[Site "Tarrega"]
[Date "2011.04.15"]
[Round "2.4"]
[White "Batlle Mestres, Antonio"]
[Black "Font Garcia, Xavier"]
[Result "0-1"]
[WhiteElo "1809"]
[BlackElo "1837"]
[PlyCount "94"]
[EventDate "2011.04.08"]
[EventType "tourn"]
[EventRounds "9"]
[EventCountry "ESP"]
[SourceTitle "EXT 2023"]
[Source "ChessBase"]
[SourceDate "2022.10.05"]
[SourceVersion "1"]
[SourceVersionDate "2022.10.05"]
[SourceQuality "1"]

1. Nf3 Nf6 2. d4 e6 3. c4 c5 4. e3 Nc6 5. Nc3 g6 6. dxc5 Bxc5 7. a3 a5 8. Be2 d5 9. cxd5 exd5 10. Bb5 0-0 11. Bxc6 bxc6 12. Nd4 Qc7 13. h3 Ba6 14. Nb3 Ba7 15. Qf3 Kg7 16. Ne2 Rab8 17. Nbd4 c5 18. Nc2 Bd3 19. Kd2 Be4 20. Qg3 Qxg3 21. Nxg3 Bxg2 22. Rh2 Bf3 23. Ne1 Be4 24. f3 Bf5 25. Nxf5+ gxf5 26. Rb1 Rb3 27. Kc2 c4 28. Bd2 Bxe3 29. Bxa5 d4 30. Bb4 Re8 31. Rd1 Nd5 32. Rg2+ Kf6 33. Bd6 d3+ 34. Nxd3 Rxd3 35. Rxd3 cxd3+ 36. Kxd3 Nf4+ 37. Bxf4 Bxf4 38. Rf2 Re3+ 39. Kc4 Bd6 40. a4 Re1 41. Kb3 h5 42. Rd2 Ke6 43. Kc4 Re5 44. b4 Kd7 45. a5 Kc6 46. a6 Bc7 47. b5+ Rxb5 0-1